| 000 | 00651nam a2200229Ia 4500 | ||
|---|---|---|---|
| 005 | 20260430150158.0 | ||
| 008 | 008 250103s9999 xx 000 0 eng d | ||
| 037 | _aTheses | ||
| 040 | _aCRL | ||
| 040 | _beng | ||
| 040 | _ceng | ||
| 041 | _2eng | ||
| 041 | _aeng | ||
| 084 | _qCRL | ||
| 100 |
_aSehrawat Kanchan Au.; Vij Madhu Gu.; Tuteja S.K. Gu. _91236700 |
||
| 245 | 0 | _aWomen and Finance in Contemporary World: Case of Select Indian Cities | |
| 260 | _c2021 | ||
| 300 | _a397p. | ||
| 700 |
_aUniversity of Delhi. Faculty of Management Studies. Deptarment of Management Studies _91236701 |
||
| 942 | _cTH | ||
| 999 |
_c1849144 _d1849144 |
||